Fenntarthatóság a divatiparban
| Main Author: | |
|---|---|
| Other Authors: | |
| Format: | Thesis |
| Kulcsszavak: | divatipar fenntarthatóság greenwashing H&M Zara |
| Online Access: | http://dolgozattar.uni-bge.hu/59931 |
MARC
| LEADER | 00000nta a2200000 i 4500 | ||
|---|---|---|---|
| 001 | dolg59931 | ||
| 005 | 20260409145748.0 | ||
| 008 | 260409suuuu hu om 000 hun d | ||
| 040 | |a BGE Dolgozattár Repozitórium |b hun | ||
| 041 | |a hu | ||
| 100 | 1 | |a Horváth Melinda | |
| 245 | 1 | 0 | |a Fenntarthatóság a divatiparban |c Horváth Melinda |h [elektronikus dokumentum] |
| 520 | 3 | |a Szakdolgozatomban a fast fashion iparág, és a fenntarthatóság kapcsolatát vizsgáltam, fókuszálva a H&M, és a Zara zöld törekvéseire. A kutatásom célja az volt, hogy ismertesse a divatipar fenntarthatósággal kapcsolatos kihívásait, és a lehetőségeket, valamint bemutassa, hogyan valósítható meg a fenntarthatóságra való áttérés, mind a gyártók, mind a fogyasztók szempontjából. A szekunder kutatásom során bemutattam a divatipar fenntarthatóságának kérdéseit, a greenwashing jelenséget, valamint a H&M, és a Zara kommunikációját, és gyakorlati lépéseit a környezetbarát működés felé. | |
| 695 | |a divatipar | ||
| 695 | |a fenntarthatóság | ||
| 695 | |a greenwashing | ||
| 695 | |a H&M | ||
| 695 | |a Zara | ||
| 700 | 1 | |a Sarkadi Katalin |e ths | |
| 856 | 4 | 0 | |u http://dolgozattar.uni-bge.hu/59931/1/Szakdolgozat.pdf |z Dokumentum-elérés |
| 856 | 4 | 0 | |u http://dolgozattar.uni-bge.hu/59931/2/BA%20KM%20magyar%20bi%CC%81ra%CC%81lati%20lap%20BELSO%CC%8B_Horva%CC%81th_Melinda_SarkadiKatalin_2025_05_26.pdf |z Dokumentum-elérés |
| 856 | 4 | 0 | |u http://dolgozattar.uni-bge.hu/59931/3/BA_KM_magyar_Horv%C3%A1th_Melinda.pdf |z Dokumentum-elérés |